ულექსო დღე / (ბიბ.ჩანაწერი № 39500)
[ მარტივი ფორმატი ]
| 000 -ლიდერი | |
|---|---|
| ფიქსირებული სიგრძის საკონტროლო ველი | 00862nam a2200217Ia 4500 |
| 001 - საკონტროლო ნომერი | |
| საკონტროლო ველი | 6096 |
| 003 - საკონტროლო ნომრის იდენტიფიკატორი | |
| საკონტროლო ველი | GE_BSU |
| 005 - ბოლო ოპერაციის თარიღი და დრო | |
| საკონტროლო ველი | 20190923160243.0 |
| 008 - ფიქსირებული სიგრძის მონაცემთა ელემენტები - ზოგადი ინფორმაცია | |
| ფიქსირებული სიგრძის საკონტროლო ველი | 181216s1967||||ge |||||||||||||| ||geo|| |
| 040 ## - კატალოგიზაციის წყარო | |
| Transcribing agency | GE_BSU |
| 041 ## - ენის კოდი | |
| Language code of text/sound track or separate title | geo |
| 080 ## - უნივერსალური ათობითი კლასიფიკაციის ინდექსი | |
| Universal Decimal Classification number | 821.353.1-32 ა-87 |
| 100 ## - მთავარი ჩანაწერი - პიროვნების სახელი | |
| Personal name | ასათიანი, მამია |
| 9 (RLIN) | 4148 |
| 245 ## - ცნობა სათაურის შესახებ | |
| Title | ულექსო დღე / |
| Statement of responsibility, etc | მამია ასათიანი ; კონსტანტინე ლორთქიფანიძის რედაქციით. |
| 264 ## - წარმოების, გამოცემის, დისტრიბუციის და სხვა ცნობები | |
| გამოცემის, წარმოების, დისტრიბუციის... ადგილი | თბილისი : |
| გამოცემის, წარმოების, დისტრიბუციის... სახელწოდება | ნაკადული ; |
| გამოცემის, წარმოების, დისტრიბუციის... თარიღი | 1967. |
| 300 ## - ფიზიკური აღწერა | |
| Extent | 39 გვ. ; |
| Dimensions | 17 სმ. |
| 653 ## - INDEX TERM--UNCONTROLLED | |
| Uncontrolled term | ულექსო დღე |
| 653 ## - INDEX TERM--UNCONTROLLED | |
| Uncontrolled term | მოთხრობა |
| 700 ## - ADDED ENTRY--PERSONAL NAME | |
| Personal name | ლორთქიფანიძე, კონსტანტინე |
| Relator term | რედაქტორი |
| 9 (RLIN) | 4241 |
| 942 ## - ADDED ENTRY ELEMENTS (KOHA) | |
| Koha item type | წიგნი |
| Source of classification or shelving scheme | |
| ჩამოწერის სტატუსი | დაკარგული ეგზემპლარის სტატუსი | კლასიფიკაციის წყარო ან თაროზე გაწყობის სქემა | დაზიანების სტატუსი | არ გაიცემა | მუდმივი მდებარეობა (დაცვის ადგილი) | ამჟამინდელი ადგილსამყოფელი | თაროზე განთავსების ადგილი | შეძენის თარიღი | ღირებულება, შესყიდვის ნორმალური ფასი | სრული შენახვის შიფრი | შტრიხკოდი | ბოლო ოპერაციის თარიღი | ეგზემპლარის მიმდევრობითი ნომერი (კეტერი?) | ფასის ძალაში შესვლის თარიღი | ეგზემპლარის სახეობა | საჯარო შენიშვნა | Uniform Resource Identifier |
|---|---|---|---|---|---|---|---|---|---|---|---|---|---|---|---|---|---|
| ბათუმის შოთა რუსთაველის სახელმწიფო უნივერსიტეტის მთავარი ბიბლიოთეკა | ბათუმის შოთა რუსთაველის სახელმწიფო უნივერსიტეტის მთავარი ბიბლიოთეკა | წიგნსაცავი | 2018-12-17 | 0.18 | 821.353.1-32 ა-87 | 13817 | 2018-12-17 | 13817 | 2018-12-17 | წიგნი | 0.18 ლ. | ||||||
| ბათუმის შოთა რუსთაველის სახელმწიფო უნივერსიტეტის მთავარი ბიბლიოთეკა | ბათუმის შოთა რუსთაველის სახელმწიფო უნივერსიტეტის მთავარი ბიბლიოთეკა | წიგნსაცავი | 2018-12-17 | 0.18 | 821.353.1-32 ა-87 | 13818 | 2018-12-17 | 13818 | 2018-12-17 | წიგნი | 0 18 ლ. | ||||||
| ბათუმის შოთა რუსთაველის სახელმწიფო უნივერსიტეტის მთავარი ბიბლიოთეკა | ბათუმის შოთა რუსთაველის სახელმწიფო უნივერსიტეტის მთავარი ბიბლიოთეკა | წიგნსაცავი | 2018-12-17 | 0.18 | 821.353.1-32 ა-87 | 13819 | 2018-12-17 | 13819 | 2018-12-17 | წიგნი | 0.18 ლ. | 13819 | |||||
| ბათუმის შოთა რუსთაველის სახელმწიფო უნივერსიტეტის მთავარი ბიბლიოთეკა | ბათუმის შოთა რუსთაველის სახელმწიფო უნივერსიტეტის მთავარი ბიბლიოთეკა | წიგნსაცავი | 2018-12-17 | 0.18 | 821.353.1-32 ა-87 | 13820 | 2018-12-17 | 13820 | 2018-12-17 | წიგნი | 0.18 ლ. | ||||||
| ბათუმის შოთა რუსთაველის სახელმწიფო უნივერსიტეტის მთავარი ბიბლიოთეკა | ბათუმის შოთა რუსთაველის სახელმწიფო უნივერსიტეტის მთავარი ბიბლიოთეკა | წიგნსაცავი | 2018-12-17 | 0.18 | 821.353.1-32 ა-87 | 13821 | 2018-12-17 | 13821 | 2018-12-17 | წიგნი | 0.18 ლ. |
